000 00466nam a2200169 a 4500
005 20140412111237.0
008 001115s19uu xx 00 eng d
020 _a0-394-89639-4
050 _aM 599.32
_bBu87 1988
100 _aBurton, Jane
245 _aFreckels the rabbit /
_cJane Burton.
260 _aNew York :
_bRandom House,
_c1988.
300 _a1 v. (unp.) ; ill.
650 _aRabbits -- Development
650 _aAnimals -- Infancy
999 _c102498
_d102498